| 000 | 01100nam a2200325 c 4500 | ||
|---|---|---|---|
| 001 | 5178 | ||
| 003 | ES-MaCES | ||
| 005 | 20141221121750.0 | ||
| 008 | 970401s1997 sp ||| | spa d | ||
| 035 | _aCES19980052197m | ||
| 040 |
_aES-MaCES _bspa _cES-MaCES |
||
| 245 | 0 | 0 | _aCircular para la negociación colectiva 1997 |
| 260 |
_aMadrid _bCEOE, Confederación Española de Organizaciones Empresariales _c1997 |
||
| 300 |
_a38 p. _c24 cm |
||
| 500 | _aEn la cub., además: CEPYME | ||
| 541 | _cGratuito | ||
| 650 | 4 |
_anegociación colectiva _928362 |
|
| 650 | 4 |
_aconvenio colectivo _928361 |
|
| 650 | 4 |
_acondiciones económicas _927081 |
|
| 650 | 4 |
_acondiciones de trabajo _928327 |
|
| 650 | 4 |
_acuadros estadísticos _928890 |
|
| 650 | 4 |
_aEspaña _926964 |
|
| 650 | 4 |
_a1997 _930803 |
|
| 653 | 1 | 0 | _aRelaciones laborales-Empleo |
| 710 | 2 |
_aConfederación Española de Organizaciones Empresariales _eed. _92261 |
|
| 710 | 2 |
_aConfederación Española de la Pequeña y Mediana Empresa _92258 |
|
| 902 | _aLIB Libro | ||
| 942 |
_2CES _cBK _h2.0. |
||
| 999 |
_c5178 _d5178 |
||